00503nam a22001217a 4500008004100000020001500041050002800056245017700084260004300261300002100304440003600325800002000361140826b xxu||||| |||| 00| 0 eng d a0406093865 aKD277.7.L39(1957 vol.2) aThe Law Reports (1957 vol.2) Queen's Bench division: on appeal therefrom in the Court of Appeal and decisions in the court of criminal appeal. /c Edited by R. P Colinvaux. aLondon:bButterworth & Co Ltd.,c1957. aIx, 672p.:c24cm pQueen's Bench division vVol. 2 aColinvaux R. P